Análisis del discurso: manual para las ciencias sociales
Saved in:
| Hovedforfatter: | |
|---|---|
| Format: | Bog |
| Sprog: | spansk |
| Udgivet: |
Barcelona
UOC
2003
|
| Udgivelse: | 1a. ed |
| Serier: | Humanidades
|
| Fag: | |
| Tags: |
Tilføj Tag
Ingen Tags, Vær først til at tagge denne postø!
|
MARC
| LEADER | 00000cam a2200000 a 4500 | ||
|---|---|---|---|
| 001 | UCL7042 | ||
| 003 | CL-VaPUC | ||
| 008 | 040430e20030000SP |||||||||||||||||spa|d | ||
| 020 | |a 8497880005 | ||
| 082 | 0 | 4 | |a 401.41 |b IÑI |2 21 |
| 100 | |a Iñiguez Rueda, Lupicinio |e author |9 586623 | ||
| 245 | 1 | 0 | |a Análisis del discurso: manual para las ciencias sociales |
| 250 | |a 1a. ed | ||
| 300 | |a 207 p | ||
| 942 | |c BK | ||
| 945 | |d 20040430 00:00:00 |a cmena | ||
| 260 | |a Barcelona |b UOC |c 2003 | ||
| 650 | 0 | |a Análisis del discurso |9 256696 | |
| 650 | 0 | |a Ciencias sociales |9 256351 | |
| 650 | 7 | |a TEORIA LINGUISTICA |2 CL-VaPUC |9 334835 | |
| 650 | 0 | |a Psicolingüística |9 283371 | |
| 650 | 0 | |a Sociolingüística |9 263716 | |
| 583 | |a last modification |c 20131206 07:57:26 |k Rodrigo Vera | ||
| 490 | 0 | |a Humanidades | |
| 999 | |c 308911 |d 308909 | ||
| 952 | |0 0 |1 0 |4 0 |6 401_410000000000000_IÑI_2003 |7 0 |8 A |9 375844 |a FDOPOS |b FDOPOS |d 2019-11-21 |i 401264K |o 401.41 IÑI 2003 |p 401264K |r 2025-01-22 |w 2019-11-21 |y BK |k MLA | ||
| 952 | |0 0 |1 0 |4 0 |6 401_410000000000000_IÑI_2003 |7 0 |8 A |9 375845 |a BIBEDU |b BIBEDU |d 2019-11-21 |i 4020812 |o 401.41 IÑI 2003 |p 4020812 |r 2019-11-21 |w 2019-11-21 |y BK |k PSI | ||
| 952 | |0 0 |1 0 |2 ddc |3 erb |4 0 |6 401_410000000000000_IÑI_2003 |7 0 |8 A |9 375846 |a BIBEDU |b BIBEDU |i 5035260 |l 6 |m 2 |o 401.41 IÑI 2003 |p 5035260 |r 2024-09-12 |s 2024-09-05 |w 2019-11-21 |y BK |z Catalogado en:20131213 |k LIT | ||